00475nam a2200109Ia 4500008004100000050002400041100002800065245013900093260008600232300003300318521001400351140724s9999 xx 000 0 und d aHF 5415b.G216 2012 aGarcia, Rafael Marco G. 2aA marketing research and analysis on the acceptability for McDonuts as a new possible product for McDonalds /cRafael Marco G. Garcia. aLas Piñas, Philippines :bSouthville International School and Colleges,cc2012. a53 p. :bcol. ill. ;c28 cm. aMarketing